Vista normal
Vista MARC
Entrada Personal Name
Número de registros utilizados en: 1
001 - CONTROL NUMBER
- control field: 2680
003 - CONTROL NUMBER IDENTIFIER
- control field: OSt
005 - DATE AND TIME OF LATEST TRANSACTION
- control field: 20131007185959.0
008 - FIXED-LENGTH DATA ELEMENTS
- fixed length control field: 131007|||a|||||| | ||| d
040 ## - CATALOGING SOURCE
- Original cataloging agency: OSt
- Transcribing agency: OSt
100 ## - HEADING--PERSONAL NAME
- Personal name: Hanzich, Pamela
670 ## - SOURCE DATA FOUND
- Source citation: Work cat.: (OSt): Guilbert, Fernando 2679, Centro de Salud Nueva Esperanza. Diagnostico de Situacion. Neuquen 2007-2008. Proyecciones 2009-2010, 2010